[Event "Dutch Open 2023"]
[Site "Dieren, Netherlands"]
[Date "????.??.??"]
[Round "8.1"]
[White "Sidhant, Mohapatra"]
[Black "Warmerdam, Max"]
[Result "0-1"]
[WhiteElo "2419"]
[BlackElo "2607"]
[PlyCount "74"]

1. e4 c5 2. c3 Nf6 3. e5 Nd5 4. Nf3 d6 5. Bb5+ Bd7 6. Bc4 e6 7. O-O Bc6 8. d4
Be7 9. exd6 Qxd6 10. dxc5 Qxc5 11. Qe2 O-O 12. b4 Qd6 13. b5 Be8 14. Ba3 Qb6
15. Bxe7 Nxe7 16. Nbd2 Nd7 17. Ne4 Nc5 18. Rfd1 Nxe4 19. Qxe4 Bxb5 20. Ng5 Ng6
21. Bxb5 Qxb5 22. h4 b6 23. Qg4 Rfd8 24. h5 Ne7 25. h6 Qf5 26. Qg3 Ng6 27. hxg7
Nf4 28. Qh4 f6 29. Nf3 e5 30. g3 Nd3 31. Kg2 Rac8 32. Rd2 Rxc3 33. Rad1 e4 34.
Nh2 Kxg7 35. Ng4 Qg5 36. Qh3 h5 37. Ne3 Nf4+ 0-1

[Event "Dutch Open 2023"]
[Site "Dieren, Netherlands"]
[Date "????.??.??"]
[Round "8.2"]
[White "Prraneeth Vuppala"]
[Black "Van Delft, Merijn"]
[Result "1/2-1/2"]
[WhiteElo "2486"]
[BlackElo "2369"]
[PlyCount "129"]

1. d4 d5 2. c4 c6 3. Nf3 Nf6 4. Nc3 e6 5. Bg5 h6 6. Bxf6 Qxf6 7. e3 Nd7 8. Be2
g6 9. O-O Bg7 10. e4 dxc4 11. e5 Qe7 12. Nd2 Nb6 13. a4 a5 14. Nce4 O-O 15. Nd6
Rd8 16. Rc1 Rxd6 17. exd6 Qxd6 18. Nf3 c5 19. dxc5 Qxc5 20. Nd2 Bd7 21. Nxc4
Bc6 22. Bf3 Nxa4 23. Ne3 Bxf3 24. Qxf3 Qe7 25. Rfe1 Nxb2 26. Nd5 Qg5 27. Rc7
Rf8 28. Ne7+ Kh7 29. Rxb7 a4 30. Nc6 Qf5 31. Qxf5 gxf5 32. Ne5 a3 33. Ra7 Bxe5
34. Rxe5 Kg6 35. Rxa3 Nc4 36. Rg3+ Kf6 37. Rc5 Ra8 38. h4 Nd2 39. Rc1 Ne4 40.
Rb3 Ra2 41. f3 Ng3 42. Kh2 f4 43. Rb7 Kg6 44. Kh3 h5 45. Rb4 Ne2 46. Re1 Kf5
47. Kh2 Rd2 48. Rb5+ e5 49. Rb6 f6 50. Ra1 Rd7 51. Ra8 Kg6 52. Re8 Kg7 53. Ree6
Rf7 54. Rb8 Ng3 55. Rbb6 Nf5 56. Kh3 Nd4 57. Re8 Nf5 58. Rbb8 Kg6 59. Rh8 Ng3
60. Rbg8+ Rg7 61. Rf8 Rf7 62. Rfg8+ Rg7 63. Kh2 Rxg8 64. Rxg8+ Kf7 65. Ra8
1/2-1/2

[Event "Dutch Open 2023"]
[Site "Dieren, Netherlands"]
[Date "????.??.??"]
[Round "8.3"]
[White "De Winter, Arthur"]
[Black "Zwirs, Nico"]
[Result "0-1"]
[WhiteElo "2378"]
[BlackElo "2443"]
[PlyCount "80"]

1. e4 e5 2. Nf3 Nc6 3. Bb5 a6 4. Ba4 Nf6 5. O-O Be7 6. d3 b5 7. Bb3 d6 8. a3
Na5 9. Ba2 c5 10. Nc3 Be6 11. Nh4 Ra7 12. Nf5 Bxf5 13. exf5 d5 14. Qf3 Rd7 15.
Bg5 Nc6 16. g4 Nd4 17. Qg2 Nxc2 18. Rac1 Nd4 19. Rfe1 b4 20. axb4 cxb4 21. Ne2
O-O 22. Nxd4 exd4 23. f4 Re8 24. Re5 Bd6 25. Rxd5 Qe7 26. Qf2 h6 27. Bxf6 gxf6
28. Rc6 Rdd8 29. Kg2 Qb7 30. Qc2 Bxf4 31. Qc4 Qe7 32. Qc2 Kg7 33. Rxd8 Qxd8 34.
Rxa6 Qe7 35. Bd5 Qe1 36. Be4 Bd2 37. Re6 Qe2+ 38. Kh3 h5 39. gxh5 Rh8 40. Qc7
Rxh5+ 0-1

[Event "Dutch Open 2023"]
[Site "Dieren, Netherlands"]
[Date "????.??.??"]
[Round "8.4"]
[White "Hausrath, Daniel"]
[Black "Beerdsen, Thomas"]
[Result "1-0"]
[WhiteElo "2442"]
[BlackElo "2520"]
[PlyCount "109"]

1. Nf3 Nf6 2. c4 c6 3. Nc3 d5 4. e3 a6 5. b3 Bf5 6. Bb2 Nbd7 7. d4 e6 8. Be2
Bd6 9. O-O h5 10. Bd3 Ne4 11. Qc2 Ndf6 12. Ne5 Ng4 13. Nxe4 dxe4 14. Bxe4 Qh4
15. h3 Nxe3 16. fxe3 Bxe4 17. Qf2 Qxf2+ 18. Rxf2 f6 19. c5 Bxe5 20. dxe5 f5 21.
Rd1 h4 22. Rd6 Ke7 23. Rfd2 Bd5 24. Rd4 Rh5 25. Bc1 Rc8 26. Bd2 Rc7 27. Be1 g5
28. Ba5 Rd7 29. Rb4 Be4 30. Rxd7+ Kxd7 31. Rxb7+ Ke8 32. Rg7 Kf8 33. Rg6 Kf7
34. Rf6+ Ke7 35. Bc7 Rh7 36. Bd6+ Kd7 37. Rf8 g4 38. hxg4 Rg7 39. gxf5 h3 40.
fxe6+ Kxe6 41. g4 Rxg4+ 42. Kh2 Rg6 43. Kxh3 Bb1 44. a3 a5 45. Ra8 Bc2 46. Rxa5
Bxb3 47. Ra8 Bd1 48. a4 Rh6+ 49. Kg3 Rg6+ 50. Kf2 Bc2 51. a5 Be4 52. a6 Rg2+
53. Kf1 Ra2 54. a7 Kd5 55. Rd8 1-0

[Event "Dutch Open 2023"]
[Site "Dieren, Netherlands"]
[Date "????.??.??"]
[Round "8.5"]
[White "Schoppen, Casper"]
[Black "Slagboom, Leandro"]
[Result "1/2-1/2"]
[WhiteElo "2498"]
[BlackElo "2270"]
[PlyCount "80"]

1. d4 d5 2. c4 e6 3. Nf3 Nf6 4. Nc3 Bb4 5. Bg5 h6 6. Bxf6 Qxf6 7. Qa4+ Nc6 8.
e3 O-O 9. Be2 Bd7 10. Qb3 dxc4 11. Qxc4 Qe7 12. O-O Na5 13. Qd3 c5 14. a3 c4
15. Qc2 Bxc3 16. Qxc3 b6 17. Nd2 Rfc8 18. Rac1 Ba4 19. Bd1 Bxd1 20. Rfxd1 Rc7
21. Rc2 Rac8 22. Ne4 Nb7 23. Qe1 Nd6 24. Nc3 Qd7 25. e4 Nb5 26. d5 Nxc3 27.
Qxc3 exd5 28. Rxd5 Qe7 29. f3 Rd8 30. Rcd2 Rxd5 31. Rxd5 Rc5 32. Rd1 Qc7 33.
Qd4 c3 34. Qd8+ Qxd8 35. Rxd8+ Kh7 36. bxc3 Rxc3 37. Rd7 Rxa3 38. Rxf7 a5 39.
Rb7 Rb3 40. Ra7 Rb2 1/2-1/2

[Event "Dutch Open 2023"]
[Site "Dieren, Netherlands"]
[Date "????.??.??"]
[Round "8.6"]
[White "Sankalp Gupta"]
[Black "Beukema, Stefan"]
[Result "1-0"]
[WhiteElo "2497"]
[BlackElo "2435"]
[PlyCount "67"]

1. e4 e5 2. Nf3 Nc6 3. Bb5 a6 4. Ba4 Nf6 5. O-O Be7 6. Re1 b5 7. Bb3 O-O 8. a4
Rb8 9. axb5 axb5 10. c3 d5 11. exd5 Nxd5 12. Nxe5 Nxe5 13. Rxe5 c6 14. d3 Bd6
15. Re1 Qh4 16. g3 Qh3 17. Re4 h6 18. Nd2 g5 19. Nf1 f5 20. Rd4 Be6 21. Ra6 Bc5
22. Bxd5 cxd5 23. Rxe6 f4 24. Re5 Rf7 25. Qf3 Bxd4 26. cxd4 Rc8 27. Bd2 Rc2 28.
Qxd5 f3 29. Re8+ Kg7 30. Qe5+ Rf6 31. Re7+ Kg6 32. Qe4+ Kh5 33. g4+ Qxg4+ 34.
Qxg4+ 1-0

[Event "Dutch Open 2023"]
[Site "Dieren, Netherlands"]
[Date "????.??.??"]
[Round "8.7"]
[White "De Boer, Eelke"]
[Black "Van Foreest, Machteld"]
[Result "1-0"]
[WhiteElo "2270"]
[BlackElo "2291"]
[PlyCount "81"]

1. e4 e5 2. Nf3 Nc6 3. Bb5 a6 4. Ba4 Bc5 5. O-O Nge7 6. c3 Ng6 7. d4 Ba7 8. Bg5
f6 9. Be3 O-O 10. Nbd2 d6 11. h3 Kh8 12. Re1 Nce7 13. Nf1 Be6 14. Ng3 c6 15.
Bc2 Qc7 16. Qe2 b5 17. a4 Bb6 18. b3 Rfc8 19. Ra3 Rab8 20. Bd3 Bd7 21. Raa1 Ba5
22. b4 Bb6 23. axb5 axb5 24. Ra6 exd4 25. cxd4 Ra8 26. Rea1 Rxa6 27. Rxa6 Qb7
28. Qa2 Re8 29. Ra3 Qc8 30. Bc2 f5 31. Ng5 Rf8 32. exf5 Nxf5 33. Nf7+ Rxf7 34.
Qxf7 Nxe3 35. fxe3 Be6 36. Qf3 Qe8 37. Nf5 Bd5 38. Qg3 Bc7 39. h4 Qf7 40. Ra8+
Nf8 41. Re8 1-0

[Event "Dutch Open 2023"]
[Site "Dieren, Netherlands"]
[Date "????.??.??"]
[Round "8.8"]
[White "Evengroen, Jan"]
[Black "Van den Doel, Erik"]
[Result "0-1"]
[WhiteElo "2112"]
[BlackElo "2576"]
[PlyCount "94"]

1. e4 c5 2. Nf3 d6 3. d4 cxd4 4. Nxd4 Nf6 5. Nc3 a6 6. Be3 e6 7. f3 h5 8. Qd2
Be7 9. a4 b6 10. Bc4 Qc7 11. Qe2 Nc6 12. Nxc6 Qxc6 13. a5 bxa5 14. Rxa5 Bd8 15.
Rb5 O-O 16. Rb3 d5 17. Bd3 dxe4 18. Nxe4 Nd5 19. Bd2 a5 20. f4 g6 21. c4 Nb4
22. Bb1 Ba6 23. Rc3 Bh4+ 24. Ng3 Rad8 25. O-O Bf6 26. Ne4 Bd4+ 27. Kh1 Bg7 28.
b3 Bb7 29. Rg3 Rd4 30. Ng5 h4 31. Rg4 f5 32. Rxh4 Qxg2+ 33. Qxg2 Bxg2+ 34. Kxg2
Rxd2+ 35. Rf2 Rfd8 36. Nxe6 Rxf2+ 37. Kxf2 Rd1 38. Bxf5 gxf5 39. Rh5 Rd2+ 40.
Ke3 Rd3+ 41. Ke2 Rxb3 42. Rg5 Kf7 43. Nxg7 a4 44. Nxf5 a3 45. Ne3 a2 46. Ra5
Rb1 47. Ra7+ Ke8 0-1

[Event "Dutch Open 2023"]
[Site "Dieren, Netherlands"]
[Date "????.??.??"]
[Round "8.9"]
[White "Hendriks, Willy"]
[Black "Labruyere, Roger"]
[Result "1-0"]
[WhiteElo "2420"]
[BlackElo "2191"]
[PlyCount "91"]

1. g3 e5 2. d3 d5 3. Nf3 Nd7 4. Bg2 Ngf6 5. O-O Be7 6. c4 c6 7. cxd5 cxd5 8.
Nc3 O-O 9. Bg5 d4 10. Nb1 h6 11. Bxf6 Bxf6 12. Nbd2 Nb6 13. Ne4 Bd7 14. Nxf6+
Qxf6 15. Nd2 Bc6 16. Bxc6 Qxc6 17. Rc1 Qd7 18. Rc5 Na4 19. Rxe5 Rfe8 20. Nf3 b5
21. Rxe8+ Rxe8 22. Qd2 Qd5 23. a3 Nc5 24. Re1 g5 25. h3 Re6 26. b4 Na4 27. e4
dxe3 28. Rxe3 Rf6 29. Ne5 Qd4 30. Ng4 Rg6 31. Qe2 Nc3 32. Re8+ Kh7 33. Qe7 Qg7
34. Qd7 h5 35. Re7 hxg4 36. Rxf7 gxh3 37. Rxg7+ Rxg7 38. Qxh3+ Kg6 39. Qe6+ Kh7
40. Qf5+ Rg6 41. Kf1 a6 42. Qh3+ Kg7 43. Qd7+ Kh6 44. Qd4 Rc6 45. Qh8+ Kg6 46.
Qe8+ 1-0

[Event "Dutch Open 2023"]
[Site "Dieren, Netherlands"]
[Date "????.??.??"]
[Round "8.10"]
[White "Vos, Tjark"]
[Black "Maatman, Nick"]
[Result "0-1"]
[WhiteElo "2178"]
[BlackElo "2362"]
[PlyCount "172"]

1. e4 c6 2. d4 d5 3. Nc3 dxe4 4. Nxe4 Nf6 5. Nxf6+ exf6 6. c3 Bd6 7. Bd3 O-O 8.
Qc2 Re8+ 9. Ne2 h5 10. O-O h4 11. h3 Nd7 12. Be3 Nf8 13. Rad1 Bd7 14. c4 Rc8
15. Qd2 Ng6 16. f4 f5 17. Rf3 Qf6 18. Nc3 Rcd8 19. Qf2 b6 20. a3 Bf8 21. b4 a5
22. Rb1 axb4 23. axb4 Ra8 24. b5 Ra3 25. Qd2 Rxe3 26. Rxe3 Qxd4 27. Ne2 Qd6 28.
Rf3 cxb5 29. cxb5 Be6 30. Nc1 Ra4 31. Ne2 Ra3 32. Nc1 Ra4 33. Ne2 Bd5 34. Rff1
Bc4 35. Rfd1 Ra2 36. Qc3 Bxd3 37. Rxd3 Qb8 38. Rd2 Bc5+ 39. Kh1 Ra3 40. Qc4 Qe8
41. Rbd1 Nf8 42. Rd8 Qe4 43. Qxe4 fxe4 44. f5 e3 45. R8d3 Ra4 46. Re1 Rb4 47.
Nc3 Rb3 48. Rexe3 Bxe3 49. Rxe3 f6 50. Kg1 Nd7 51. g3 hxg3 52. Kg2 Nc5 53. Rxg3
Kf7 54. Rf3 Rb4 55. Re3 Rb2+ 56. Re2 Rb3 57. Rc2 Nd3 58. Kf1 Kg8 59. Ke2 Nf4+
60. Ke3 Nd5+ 61. Kd4 Nxc3 62. Rxc3 Rxb5 63. Ke4 Kh7 64. Rc8 Kh6 65. Rg8 Rb4+
66. Kd5 Kg5 67. Ke6 Re4+ 68. Kf7 Kxf5 69. Rxg7 b5 70. Rh7 Ke5 71. Rh8 b4 72. h4
Rc4 73. h5 Kf5 74. Rb8 Rc7+ 75. Ke8 Kg5 76. Rxb4 Kxh5 77. Rb1 f5 78. Rh1+ Kg5
79. Rg1+ Kf6 80. Rf1 Re7+ 81. Kd8 Re2 82. Kd7 Ke5 83. Ke7 f4 84. Kf7 Ke4 85.
Kf6 f3 86. Kg5 Rg2+ 0-1

[Event "Dutch Open 2023"]
[Site "Dieren, Netherlands"]
[Date "????.??.??"]
[Round "8.11"]
[White "Bollen, Guus"]
[Black "Pham, Khoi"]
[Result "0-1"]
[WhiteElo "2183"]
[BlackElo "2361"]
[PlyCount "42"]

1. e4 e5 2. Nc3 Nf6 3. Bc4 Nc6 4. d3 Bc5 5. f4 d6 6. Nf3 exf4 7. Bxf4 O-O 8.
Nd5 Nxd5 9. Bxd5 Qf6 10. Qc1 Nd4 11. c3 Nxf3+ 12. gxf3 Be6 13. Bb3 Qh4+ 14. Bg3
Qh5 15. Bd1 f5 16. d4 Bb6 17. Qd2 Rae8 18. Be2 fxe4 19. fxe4 Bg4 20. e5 dxe5
21. Bxe5 Rxe5 0-1

[Event "Dutch Open 2023"]
[Site "Dieren, Netherlands"]
[Date "????.??.??"]
[Round "8.12"]
[White "Baselmans, Luuk"]
[Black "Shakhverdian, William"]
[Result "1-0"]
[WhiteElo "2338"]
[BlackElo "2129"]
[PlyCount "45"]

1. e4 e5 2. Nc3 Nf6 3. d4 exd4 4. Qxd4 Nc6 5. Qd3 Bc5 6. Bf4 O-O 7. O-O-O Ng4
8. Bg3 Nxf2 9. Bxf2 Bxf2 10. Nf3 d6 11. Qd2 Bb6 12. Qf4 Qe8 13. Bb5 Bd7 14.
Rhe1 f6 15. Kb1 Rd8 16. Nd5 Ne5 17. Bxd7 Rxd7 18. Nh4 Ng6 19. Nxg6 hxg6 20. Qg4
g5 21. h4 gxh4 22. Rf1 h3 23. Qxh3 1-0

[Event "Dutch Open 2023"]
[Site "Dieren, Netherlands"]
[Date "????.??.??"]
[Round "8.13"]
[White "Duijker, Rick"]
[Black "Bus, Tom"]
[Result "1-0"]
[WhiteElo "2198"]
[BlackElo "2100"]
[PlyCount "147"]

1. d4 Nf6 2. Bg5 d5 3. e3 c5 4. dxc5 Qa5+ 5. Nd2 Nc6 6. Ngf3 e6 7. a3 Qxc5 8.
Bd3 Be7 9. O-O O-O 10. c4 dxc4 11. Nxc4 b5 12. Ncd2 Bb7 13. Rc1 Qb6 14. Qc2 g6
15. Bxf6 Bxf6 16. Ne4 Bg7 17. Nc5 Rfd8 18. Nxb7 Qxb7 19. Be4 Rac8 20. Bxc6 Qb6
21. Qe4 Rd6 22. Ba8 Rxc1 23. Rxc1 Bxb2 24. Rc8+ Rd8 25. Rxd8+ Qxd8 26. Nd4 Bxa3
27. g3 b4 28. Bc6 Bb2 29. Ba4 Qb6 30. Bb3 Bc3 31. h4 h5 32. Kg2 Kg7 33. Qe5+
Kh7 34. Qf4 Kg8 35. Qf6 Qb7+ 36. Kh2 Qd7 37. Qe5 Kh7 38. Qc5 Kg7 39. Qe5+ Kh7
40. Bc2 Kg8 41. Kg2 b3 42. Qb8+ Kh7 43. Nxb3 Qc6+ 44. Kh2 Be1 45. Nd4 Qc5 46.
Qb7 Kg8 47. Kg2 a5 48. Be4 Bc3 49. Nf3 Bf6 50. Qc6 Qb4 51. Bc2 Kg7 52. Qe4 Qc5
53. Bb3 Qb5 54. Qc4 Qb7 55. Ba4 Qb2 56. Qc5 Qb4 57. Qxb4 axb4 58. Nd2 Be7 59.
Kf3 f5 60. Ke2 g5 61. Nf3 gxh4 62. gxh4 Bf6 63. Ng5 e5 64. Bd7 Kg6 65. Be8+ Kh6
66. Nf7+ Kg7 67. Nd6 b3 68. Nxf5+ Kf8 69. Ba4 b2 70. Bc2 Bd8 71. Kd1 Kf7 72.
Be4 Ba5 73. Kc2 Be1 74. f3 1-0

[Event "Dutch Open 2023"]
[Site "Dieren, Netherlands"]
[Date "????.??.??"]
[Round "8.14"]
[White "De Jong, Tom"]
[Black "Bakija, Alan"]
[Result "0-1"]
[WhiteElo "2176"]
[BlackElo "2089"]
[PlyCount "84"]

1. e4 e5 2. Nf3 Nc6 3. Bc4 Bc5 4. c3 Nf6 5. d4 exd4 6. e5 d5 7. Bb5 Ne4 8. cxd4
Bb6 9. Nc3 O-O 10. Be3 Bg4 11. h3 Bh5 12. Qc2 Ba5 13. a3 f6 14. Bxc6 Bxc3+ 15.
bxc3 bxc6 16. exf6 Bxf3 17. gxf3 Nxf6 18. Rg1 Qe7 19. Rg5 Nd7 20. Ke2 Rf7 21.
a4 Nb6 22. Rag1 Nc4 23. f4 Re8 24. Rh5 g6 25. Rg3 Kf8 26. Rhg5 Qe4 27. Qxe4
Rxe4 28. Kd3 Nb2+ 29. Kc2 Nxa4 30. f5 Rxf5 31. Rxf5+ gxf5 32. Rf3 Nb6 33. Rxf5+
Kg7 34. Rg5+ Kf6 35. Rh5 Re7 36. Rh6+ Kg7 37. Rxc6 Nc4 38. Kd3 a5 39. Bf4 a4
40. Bxc7 a3 41. Kc2 a2 42. Ra6 Re2+ 0-1

[Event "Dutch Open 2023"]
[Site "Dieren, Netherlands"]
[Date "????.??.??"]
[Round "8.15"]
[White "Weidemann, Jakob"]
[Black "Hu, Yu A"]
[Result "1/2-1/2"]
[WhiteElo "2114"]
[BlackElo "2056"]
[PlyCount "105"]

1. e4 c5 2. Nf3 Nc6 3. d4 cxd4 4. Nxd4 Nf6 5. Nc3 e5 6. Ndb5 d6 7. Nd5 Nxd5 8.
exd5 Nb8 9. Qf3 a6 10. Qa3 Be7 11. Bg5 f6 12. Bd2 O-O 13. Ba5 b6 14. Bb4 Bb7
15. Nxd6 a5 16. Nxb7 Bxb4+ 17. Qxb4 axb4 18. Nxd8 Rxd8 19. Bc4 Kf8 20. O-O-O b5
21. Bb3 Nd7 22. f3 Nc5 23. Kb1 Rd6 24. Rd2 Rda6 25. Rhd1 Nxb3 26. cxb3 Rxa2 27.
d6 Ra1+ 28. Kc2 Rxd1 29. Kxd1 Ke8 30. Ke2 Kd7 31. Ke3 Ke6 32. Rc2 Kxd6 33. Rd2+
Ke6 34. Rc2 Ra7 35. g4 f5 36. gxf5+ Kxf5 37. Rc5 Ra2 38. f4 Rxb2 39. Rxe5+ Kf6
40. Rxb5 Rxb3+ 41. Ke4 h6 42. Rb6+ Kf7 43. Kf5 Rb2 44. Rb7+ Kg8 45. Kg6 Rg2+
46. Kf5 Rxh2 47. Rxb4 Rg2 48. Ke4 Rg3 49. Rb6 h5 50. f5 Kh7 51. Kf4 h4 52. Rb2
Kh6 53. Rb8 1/2-1/2

[Event "Dutch Open 2023"]
[Site "Dieren, Netherlands"]
[Date "????.??.??"]
[Round "8.16"]
[White "Decrop, Hendrik"]
[Black "Van Kuijk, Vadim"]
[Result "1/2-1/2"]
[WhiteElo "2033"]
[BlackElo "1997"]
[PlyCount "107"]

1. e4 c6 2. d4 d5 3. e5 Bf5 4. h4 h5 5. Bg5 Qb6 6. Bd3 Bxd3 7. Qxd3 Qa6 8. Qh3
e6 9. Nc3 Nd7 10. Nge2 c5 11. O-O Ne7 12. a4 Rc8 13. Rfe1 cxd4 14. Nxd4 Nc6 15.
Ndb5 d4 16. Nd5 Qa5 17. Nf4 a6 18. Nxe6 axb5 19. Nxf8 Rxf8 20. e6 f5 21. exd7+
Kxd7 22. c3 bxa4 23. cxd4 Rfe8 24. Red1 g6 25. d5 Ne5 26. Bf4 Rc2 27. Qe3 Nc4
28. Qd4 Qb6 29. Rxa4 Re1+ 30. Kh2 Re4 31. Qxb6 Nxb6 32. Ra7 Rxf4 33. Rxb7+ Kd8
34. Rxb6 Rfxf2 35. Rxg6 f4 36. Kg1 Rxb2 37. d6 f3 38. gxf3 Rxf3 39. d7 Rf8 40.
Rg5 Rb7 41. Ra5 Rg8+ 42. Kf2 Rb2+ 43. Kf3 Rb3+ 44. Kf4 Rg4+ 45. Kf5 Rf3+ 46.
Ke6 Re3+ 47. Kd6 Rg6+ 48. Kd5 Rge6 49. Ra7 R6e5+ 50. Kc6 Re6+ 51. Rd6 Rc3+ 52.
Kd5 Rd3+ 53. Kxe6 Rxd6+ 54. Kxd6 1/2-1/2

[Event "Dutch Open 2023"]
[Site "Dieren, Netherlands"]
[Date "????.??.??"]
[Round "8.17"]
[White "Brouwer, Mason"]
[Black "Schuricht, Emil Frederick"]
[Result "1-0"]
[WhiteElo "1990"]
[BlackElo "2018"]
[PlyCount "113"]

1. e4 c6 2. Nc3 d5 3. Nf3 dxe4 4. Nxe4 Nf6 5. Qe2 Nxe4 6. Qxe4 Qa5 7. Bc4 Bf5
8. Qf4 e6 9. c3 Nd7 10. d4 Nf6 11. O-O Rd8 12. Ne5 Bd6 13. Re1 O-O 14. b4 Qc7
15. Qf3 Nd5 16. Bd2 a5 17. a3 Ra8 18. Rad1 axb4 19. axb4 Ra3 20. b5 Rfa8 21. h3
R8a4 22. Bd3 Nxc3 23. b6 Qe7 24. Bxf5 Nxd1 25. Qxd1 exf5 26. Nc4 Ra1 27. Qxa1
Rxa1 28. Rxa1 h6 29. Ra7 Qe2 30. Nxd6 Qxd2 31. Nxb7 Qb4 32. Ra6 Qe1+ 33. Kh2
Qxf2 34. Nc5 f4 35. Ra3 f3 36. Rxf3 Qxd4 37. b7 Qd6+ 38. g3 Kh7 39. Na6 Qd2+
40. Kg1 Qe1+ 41. Kg2 Qd2+ 42. Rf2 Qd5+ 43. Kh2 Qd4 44. Rg2 Qb6 45. b8=Q Qxa6
46. Qb1+ g6 47. Rf2 Kg8 48. Qb8+ Kg7 49. Qe5+ Kf8 50. Qd6+ Ke8 51. Qb8+ Kd7 52.
Rxf7+ Ke6 53. Qe8+ Kd5 54. Rd7+ Kc5 55. Qe3+ Kb4 56. Rd4+ Kc5 57. Ra4+ 1-0

[Event "Dutch Open 2023"]
[Site "Dieren, Netherlands"]
[Date "????.??.??"]
[Round "8.19"]
[White "Op den Dries, Johan"]
[Black "Koster, Chiel"]
[Result "1-0"]
[WhiteElo "2093"]
[BlackElo "2052"]
[PlyCount "101"]

1. e4 c5 2. Nc3 Nc6 3. f4 e6 4. Nf3 d5 5. d3 Nf6 6. Be2 dxe4 7. dxe4 Qxd1+ 8.
Bxd1 Be7 9. O-O O-O 10. h3 b6 11. e5 Nd5 12. Nxd5 exd5 13. Re1 h5 14. Nd2 g6
15. c3 Be6 16. Bf3 Rae8 17. Nf1 Rd8 18. Rd1 Na5 19. b3 d4 20. c4 Bd7 21. Ng3 f6
22. Bd5+ Kg7 23. Bd2 fxe5 24. fxe5 Nc6 25. e6 Be8 26. Rf1 Rxf1+ 27. Rxf1 Bh4
28. Ne4 Ne7 29. g3 Nxd5 30. cxd5 Be7 31. d6 Rxd6 32. Nxd6 Bxd6 33. Bf4 Be7 34.
Be5+ Kg8 35. Bf6 Bd6 36. e7 Kf7 37. g4 hxg4 38. hxg4 d3 39. Bh4+ Ke6 40. Rd1
Bf4 41. Rxd3 g5 42. Bg3 Bxg3 43. Rxg3 Kxe7 44. Re3+ Kf7 45. Re5 Bd7 46. Rxg5
Kf6 47. Rg8 a5 48. Kf2 b5 49. Ke3 Be6 50. Rb8 b4 51. Rb6 1-0

[Event "Dutch Open 2023"]
[Site "Dieren, Netherlands"]
[Date "????.??.??"]
[Round "8.20"]
[White "Markus, John Raymond"]
[Black "Boesel, Alexander"]
[Result "1/2-1/2"]
[WhiteElo "2001"]
[BlackElo "2002"]
[PlyCount "149"]

1. d4 Nf6 2. Nf3 d5 3. e3 Bf5 4. Be2 e6 5. O-O h6 6. Ne5 Nfd7 7. f4 Bd6 8. Nd2
O-O 9. b3 f6 10. Nxd7 Qxd7 11. c4 c6 12. Bb2 Qe7 13. Nf3 g5 14. Nd2 Qh7 15. Bg4
Bxg4 16. Qxg4 f5 17. Qe2 Nd7 18. Nf3 Qg7 19. Ne5 Rf6 20. Kh1 Kh7 21. cxd5 exd5
22. g4 gxf4 23. gxf5 fxe3 24. Qxe3 Re8 25. Rg1 Qe7 26. Rg6 Rxg6 27. fxg6+ Kg7
28. Rf1 Rf8 29. Rf7+ Rxf7 30. gxf7 Nf8 31. Bc1 Qh4 32. Qg1+ Kf6 33. Ng4+ Kxf7
34. Nxh6+ Ke8 35. Qe3+ Kd7 36. h3 Ne6 37. Nf5 Qh7 38. Nxd6 Kxd6 39. Ba3+ Kd7
40. Kg2 Qc2+ 41. Kg3 Qxa2 42. Bc1 Qa1 43. h4 Nxd4 44. Kg4 Ne6 45. Kf5 Nd4+ 46.
Kg4 Ne6 47. Kf5 Nd8 48. Kg6 Qb1+ 49. Kg7 Qf5 50. Kh6 Nf7+ 51. Kg7 Nd8 52. Kh6
Qf6+ 53. Kh5 Qh8+ 54. Kg4 Qg7+ 55. Qg5 Qxg5+ 56. Kxg5 Ke6 57. Kg6 c5 58. Bf4
Nc6 59. h5 Ne7+ 60. Kg5 d4 61. h6 Kf7 62. Be5 Kg8 63. Bd6 Kh7 64. Bxc5 Nc6 65.
Kf4 Kxh6 66. b4 a6 67. Ke4 Kg6 68. Bxd4 Nxb4 69. Bc5 Nc6 70. Kd5 Kf5 71. Kd6
Ke4 72. Kc7 Nd8 73. Be7 b5 74. Kb6 Ne6 75. Kxa6 1/2-1/2

[Event "Dutch Open 2023"]
[Site "Dieren, Netherlands"]
[Date "????.??.??"]
[Round "8.21"]
[White "Ritzerveld, Noah"]
[Black "Binnendijk, Ferdinand"]
[Result "1-0"]
[WhiteElo "2007"]
[BlackElo "2112"]
[PlyCount "63"]

1. e4 e5 2. Nf3 Nc6 3. Bc4 Nf6 4. d3 Be7 5. O-O O-O 6. Re1 d6 7. a4 Na5 8. Ba2
c5 9. Nbd2 Be6 10. Nf1 Bxa2 11. Rxa2 Re8 12. Bg5 Nh5 13. Bxe7 Qxe7 14. Ne3 Nf6
15. Qd2 Nc6 16. Nf5 Qf8 17. Raa1 Rad8 18. Qg5 Nd4 19. N3xd4 cxd4 20. h4 Kh8 21.
h5 Re6 22. c3 h6 23. Qh4 dxc3 24. bxc3 d5 25. exd5 Rxd5 26. Re3 Qd8 27. Rg3 Ne8
28. Qb4 Qf6 29. Qxb7 Qxf5 30. Qxd5 Rf6 31. Rf3 Qxh5 32. Qd7 1-0

[Event "Dutch Open 2023"]
[Site "Dieren, Netherlands"]
[Date "????.??.??"]
[Round "8.22"]
[White "Kurt, Sascha"]
[Black "Boersma, Jan"]
[Result "1-0"]
[WhiteElo "1986"]
[BlackElo "1988"]
[PlyCount "103"]

1. e4 c5 2. Nf3 g6 3. d4 cxd4 4. Qxd4 Nf6 5. e5 Nc6 6. Qa4 Nd5 7. Qb3 Nb6 8.
Bf4 Bg7 9. Nc3 d5 10. exd6 Be6 11. Qa3 O-O 12. O-O-O exd6 13. Bxd6 Qc8 14. Nb5
Rd8 15. Bd3 Nd5 16. Be4 Nf6 17. Bxc6 bxc6 18. Nc7 Rxd6 19. Qxd6 Ne4 20. Qxc6
Rb8 21. Rd4 Nxf2 22. Rf1 Rb6 23. Nxe6 Rxc6 24. Rd8+ Qxd8 25. Nxd8 Bh6+ 26. Kb1
Rd6 27. Nb7 Rb6 28. Rxf2 Rxb7 29. c3 f5 30. Kc2 Bg7 31. Re2 h6 32. b3 g5 33. c4
Bf6 34. a3 Kf7 35. b4 f4 36. c5 Rc7 37. Kb3 g4 38. Ne1 Kg6 39. Kc4 h5 40. b5 h4
41. c6 Kf5 42. a4 Rh7 43. h3 gxh3 44. gxh3 Bd8 45. Nf3 Bb6 46. Re5+ Kf6 47. Kd5
Rh8 48. Ke4 Bc7 49. Rf5+ Kg6 50. Ne5+ Bxe5 51. Rxe5 Rf8 52. Kf3 1-0